Catálogo
 En Linea

Einstein / (Registro nro. 13319)

Detalles MARC
000 -CABECERA
campo de control de longitud fija 00949nam a2200253 a 4500
001 - NÚMERO DE CONTROL
campo de control 000013706
005 - FECHA Y HORA DE LA ÚLTIMA TRANSACCIÓN
campo de control 20200929163322.0
008 - DATOS DE LONGITUD FIJA--INFORMACIÓN GENERAL
campo de control de longitud fija 091127s1984 sp ac 000 0 spa
040 ## - FUENTE DE LA CATALOGACIÓN
Centro catalogador/agencia de origen DO-SdBNP
Lengua de catalogación spa
Centro/agencia transcriptor BNPHU
082 ## - NÚMERO DE LA CLASIFICACIÓN DECIMAL DEWEY
Número de clasificación 925.3
Número de documento/Ítem E35H
100 1# - ENTRADA PRINCIPAL--NOMBRE DE PERSONA
Nombre de persona Hoffmann, Banesh,
Fechas asociadas al nombre 1906- 1986.
9 (RLIN) 31142
240 10 - TÍTULO UNIFORME
Título uniforme Albert Einstein
Lenguaje de la obra spa
245 10 - MENCIÓN DE TÍTULO
Título Einstein /
Mención de responsabilidad, etc. Banesh Hoffmann ; traducción Jesús Fernández Zulaica ; prólogo Mario Bunge.
260 ## - PUBLICACIÓN, DISTRIBUCIÓN, ETC.
Lugar de publicación, distribución, etc. Barcelona :
Nombre del editor, distribuidor, etc. Salvat,
Fecha de publicación, distribución, etc. 1984.
300 ## - DESCRIPCIÓN FÍSICA
Extensión 231 p. :
Otras características físicas il., retrs. ;
Dimensiones 20 cm.
490 1# - MENCIÓN DE SERIE
Mención de serie Biblioteca Salvat de grandes biografías
Designación de volumen o secuencia 3
500 ## - NOTA GENERAL
Nota general Traducción de: Albert Einstein, creador y rebelde.
504 ## - NOTA DE BIBLIOGRAFÍA, ETC.
Nota de bibliografía, etc. Bibliografía : p. 231
600 14 - PUNTO DE ACCESO ADICIONAL DE MATERIA--NOMBRE DE PERSONA
Nombre de persona EINSTEIN, ALBERT,
Fechas asociadas al nombre 1879-1955
9 (RLIN) 31143
700 12 - PUNTO DE ACCESO ADICIONAL--NOMBRE DE PERSONA
Nombre de persona Fernández Zulaica, Jesús
Término indicativo de función/relación tr.
9 (RLIN) 31144
700 12 - PUNTO DE ACCESO ADICIONAL--NOMBRE DE PERSONA
Nombre de persona Bunge, Mario
Término indicativo de función/relación pról.
9 (RLIN) 31145
830 #0 - PUNTO DE ACCESO ADICIONAL DE SERIE-TÍTULO UNIFORME
Título uniforme Biblioteca Salvat de grandes biografías
Número de parte o sección de la obra 3
9 (RLIN) 31146
910 ## - DATOS DE OPCIÓN DEL USUARIO (OCLC)
Datos de opción del usuario Validado. Control de calidad MFF
Existencias
Estado de retiro Estado de pérdida Restricciones de uso No para préstamo Código de colección Localización permanente Ubicación/localización actual Ubicación en estantería Fecha de adquisición Número de inventario Total de préstamos Signatura topográfica completa Código de barras Fecha visto por última vez Precio válido a partir de Tipo de ítem Koha
      Excluido de préstamo Monografías: Libros y Folletos Patrimonio Dominicano Patrimonio Dominicano Depósito 27.11.2009 LF1   925.3 E35H 13706-10 25.06.2020 25.06.2020 No se presta

Con tecnología Koha